000 01050nam a2200313Ia 4500
003 OSt
005 20221007124632.0
006 a|||||r|||| 00| 0
007 ta
008 221006b |||||||| |||| 00| 0 eng d
020 _a9780393912340 (hbk)
024 _a192929
037 _b798, 13/03/2015, Dhanraj Book House
_cTextual
040 _aCDL
_cCDL
_beng
041 _2eng
_aeng
082 _aE, Q4 Carc
100 _aGilbert Thomas R
_9719906
245 0 _aChemistry: An atoms-focused approach
_b Kirss Rein V Foster Natalie
260 _aCanada
_bNorton
_c2014
300 _axxxiii, 978p. col. ill.
_ccm.
500 _aAppendix APP-1-33p.; Glossary G-1-13p.; Index I-1-28p.
650 _a Electrochemistry
650 _a Thermodynamics
650 _aMatter and energy
_9719907
700 _a Foster Natalie
_9719908
700 _a Kirss Rein V
_9719909
942 _hE, Q4 Carc
_cTEXL
_2CC
999 _c1213843
_d1213843